| 000 | 01580nam0a2200373 i 4500 | ||
|---|---|---|---|
| 001 | RU\NLR\bibl\1970729 | ||
| 005 | 20240921160722.0 | ||
| 010 |
_a9785905735318 _91000 |
||
| 021 |
_aRU _b2012-83778 _96200 |
||
| 035 | _a(nilc)RSL-KNO-005521658 | ||
| 035 | _a(NLR Aleph) 001959573 | ||
| 090 |
_a3806679 _c3806679 |
||
| 100 | _a20121106d2012 k y0rusy50 ca | ||
| 101 | 0 | _arus | |
| 102 | _aRU | ||
| 105 | _aa ||||||||| | ||
| 200 | 1 |
_aФормирование и оценка инвестиционного потенциала региона _fБерезнев С.В., Мамзина Т.Ф., Начева М.К. [и др.] _gИн-т исслед. товародвижения и конъюнктуры оптового рынка (ОАО "ИТКОР") |
|
| 210 |
_aМосква _cИТКОР _d2012 |
||
| 215 |
_a232 с. _cил. _d21 |
||
| 320 | _aБиблиогр.: с. 213-221 (76 назв.) | ||
| 606 | 1 |
_aИнвестиции капитала _yКемеровская область _92526094 _3RU\NLR\auth\661496548 |
|
| 610 | 0 | _aинвестиционный потенциал | |
| 686 |
_aУ9(2)0-56-07,0 _2rubbk |
||
| 686 | _aУ9(2)-56(2Р-4Ке) | ||
| 701 | 1 |
_aБерезнев _bС. В. _gСергей Васильевич _4070 |
|
| 701 | 1 |
_aМамзина _bТ. Ф. _gТатьяна Федоровна _4070 |
|
| 701 | 1 |
_aНачева _bМ. К. _4070 |
|
| 801 | 0 |
_aRU _bRuMoRKP _c20121106 _grcr |
|
| 801 | 1 |
_aRU _bРГБ _c20121106 |
|
| 801 | 2 |
_aRU _bNLR _c20121123 _grcr |
|
| 830 | _a3-го авт. в кат. нет | ||
| 942 | _cBOOK | ||
| 980 | _aNBR | ||